MDQL
is popping MORE tags! Check the
thread
!
Quizzes
Events
Quiz Creation
Community
Videos
Private Events
Remove Ads
Sign In
Join for FREE
Feedback
Dark Mode
Quiz Categories
Sports
Geography
Music
Movies
Television
Just For Fun
Miscellaneous
History
Literature
Language
Science
Gaming
Entertainment
Religion
Holiday
For Kids
Quiz Lab
Recent
Popular Today
Quiz Kudos Today
Editor Picks
Curator Picks
Quizzes by...
Day
Popularity
Type
Ratings
Length
Year
Community
Subscriptions
Recent Discussions
Orange Saloon
Badges
Playlists
Quests
Create
Leaderboards
Showdown
Live 5
Trivia Bingo
Activity
Puzzle Library
Sporcle Events
Private Events
Virtual Trivia
Globe League
Become a Host
Pub Owners
SporcleCon
Opinionation
Our Games
Videos
Blog
Mobile Apps
Partnerships
Remove Ads and Go Orange
Feedback
Sports
Athletes
MLB
NBA
NHL
NFL
Soccer
Sports Teams
WWE
NCAA
Football
Premier League
Basketball
Baseball
Hockey
Golf
Tennis
Cricket
Rugby
Auto Racing
Olympics
World Cup
Sports
Athletes
MLB
NBA
NHL
NFL
Soccer
Sports Teams
WWE
NCAA
Football
Premier League
Basketball
Baseball
Hockey
Golf
Tennis
Cricket
Rugby
Auto Racing
Olympics
World Cup
Random Quiz
Search Sporcle
×
Quiz Lab
Quiz Lab
Sports
Los Angeles Dodgers
Type in answers that appear in a list
Type in answers that appear in a list
Classic
Best Score? Go Orange.
Brooklyn/LA Dodgers All-Time HR Leaders Stats
Can you name the Brooklyn/LA Dodgers All-Time HR Leaders?
By
steelehere
6m
32 Questions
1,389 Plays
1,389 Plays
1,389 Plays
Comments
Comments
Give Quiz Kudos
Give Quiz Kudos
-
- Ratings
hide this ad
More Info
Replay
Link that replays current quiz
Next Quiz
Link to next quiz in quiz playlist
You Got
0%
They Got
Avg Score
52%
Avg Friend Score
Upgrade to see
Score Distribution
Jump to the score distribution portion of the page
Score
0/32
Timer
06:00
0
Plays Today
Homers
Player
% Correct
389
Duke Snider
92.2%
177
Mike Piazza
86%
211
Steve Garvey
82.2%
137
Jackie Robinson
80.8%
242
Roy Campanella
79.7%
228
Ron Cey
77.8%
270
Eric Karros
75.2%
203*
Matt Kemp
75.1%
361
Gil Hodges
73.7%
162
Shawn Green
70.2%
126
Pee Wee Reese
64.1%
162
Andre Ethier
62.3%
154
Willie Davis
60.1%
171
Pedro Guerrero
58.1%
99
Davey Lopes
57.6%
163
Raul Mondesi
56.7%
Homers
Player
% Correct
147
Adrian Beltre
55.9%
97
Reggie Smith
54.8%
101
Adrian Gonzalez
54%
144
Dusty Baker
53%
129
Gary Sheffield
49.8%
192
Carl Furillo
46.1%
108*
Yasiel Puig
45%
100
Steve Yeager
41%
131
Zack Wheat
40.2%
137
Mike Marshall
39.5%
123
Frank Howard
35.3%
112
Babe Herman
24.5%
139
Dolph Camilli
21.4%
91
Joe Ferguson
21.1%
92
John Roseboro
20.3%
90
Ron Fairly
15.5%
Quiz Playlist
Details
Report
Send in Message
Add To Playlist
More Info:
(*) denotes active player. Results as of 01/01/2019.
Classic:
Type in answers that appear in a list
Quiz Source
Last Updated: Mar 3, 2019
Quiz Scoreboard
CHALLENGE
Sign Up to Join the Scoreboard
Show All
Scores
Hide
Comments
May contain spoilers
Recently Published
Street Fighter Characters
by Artimus82
Gaming
60s
9x9 Crossword: Cartoon Network
by jackfrog10
Miscellaneous
3m
College Basketball Coaching Resumes
by pancakes188
Sports
9m
More to Explore
Quiz From the Vault
Featured Blog Post
Where Did the Easter Bunny Come From?
hide this ad
You Might Also Like...
Tags
Brooklyn
Homer
HR Leaders
Los Angeles Dodgers
Player
Today's Top Quizzes in Sports
Browse Sports
hide this ad
Today's Top Quizzes in Los Angeles Dodgers
Browse Los Angeles Dodgers
Top Contributed Quizzes in Sports
1
2022 World Cup Stars
2
Les meilleurs buteurs des matchs entre le PSG et l’OM
3
FIFA Club World Cup Champions
4
Les entraîneurs de l'OM et du PSG au 21e siècle
5
Criteria MLB: Left Handed Sluggers
6
2023 MLB Unique Player Accomplishments
7
AFC Teams Reveal (Wrong Answers Minefield)
8
Players with Multiple 50 Home Run Seasons
9
5-to-1: FBS Animal Nicknames
10
5-to-1: UK Sports Teams
Explore More
Trending Topics
Disney
Anime
Crossword
NBA
Kpop
Marvel
Harry Potter
WWE
The Office
Pokémon
Country
Song
Soccer
Puzzle
NFL
hide this ad
More By:
steelehere
Quiz
Plays
Rating
Category
Featured
Created
1970 NL Opening Day Lineups
2,564
4.56
Sports
Mar 15, 2011
1975 NL Opening Day Lineups
2,419
4.60
Sports
Mar 17, 2011
1975 AL Opening Day Lineups
2,260
4.52
Sports
Mar 17, 2011
1970 AL Opening Day Lineups
2,257
4.60
Sports
Mar 15, 2011
Baseball America's Top 10 Prospects - 1991-2019
2,199
4.48
Sports
Jul 29, 2010
Go to Creator's Profile
Score Distribution
Quiz Creator Spotlight
steelehere
Follow
Send a Message
Quizzes Created
-
Created Quiz Play Count
-
More By This Creator
Popular Quizzes Today
1
Find the US States - No Outlines Minefield
2
Find the Countries of Europe - No Outlines Minefield
3
The Countries of the World
4
Find the US States
5
Risky Map Clicking: Biggest States A-Z
6
US States
7
Popular People in 1961
8
Movies - When Are They Set?
More Sports Quizzes
England's Top 5 Test run scorers each year (Since 1971)
Quiz Lab
Trending Quizzes
Risky Map Clicking: Least Populous States A-Z
1-10 Letter G Words
Risky Map Clicking: Next State Alphabetically
Adjectives in 80s TV Shows
The Seven Year Switch: Catherine
Recently Updated
Leaping Animals
pecheneg
Reality TV Shows (A-Z)
bhenderson79
Rickey Henderson's Hall of Fame Teammates
pecheneg
Champions League XIs: Arsenal
pecheneg
Quick Pick: Celebrities in WWE's Hall of Fame
aduchscher
A-Z Keypad Blitz II
pecheneg
Multiple Oscar Actors
pecheneg
Mystery Phrase Blitz: Oscar 'Best Actors'
pecheneg
F. Scott Fitzgerald Novels
LTH
Pick 3 Villains
ddd62291
Trending Topics
Disney
Anime
Harry Potter
Kpop
NBA
Marvel
Crossword
WWE
Country
Pokémon
NFL
Song
Puzzle
The Office
Soccer
Your Account Isn't Verified!
In order to create a playlist on Sporcle, you need to verify the email address you used during registration. Go to your
Sporcle Settings
to finish the process.
Report this User
Report this user for behavior that violates our
Community Guidelines
.
Details:
Send Report
Go to the Sporcle.com Mobile Site →
Comments